000 00632nam a2200217Ia 4500
001 b4517-28748 [5736]
003 IT-MiCISF
008 161014s9999||||xx |||||||||||||| ||und||
040 _aIT-MiCISF
_cIT-MiCISF
041 _ait
100 _aCausin Paolino
245 0 _aDisabili e società
_bL'integrazione socio-lavorativa in prospettiva europea
250 _a1a ed.
260 _aMilano
_bFranco Angeli
_c1999
300 _app. 231
500 _a / handicap, società, lavoro, scuola, territorio, politiche-sociali /
650 _ahandicap
700 _aDe Pieri Severino
942 _cBK
957 _71
999 _a28748
_bsi
_g1
_c212737
_d212737